书目信息 |
| 题名: |
叶茂根深
|
|
| 作者: | 不详 | |
| 分册: | ||
| 出版信息: | 唐山 不详 2002 |
|
| 页数: | 268页 | |
| 开本: | 20cm | |
| 丛书名: | ||
| 单 册: | ||
| 中图分类: | G630-53 | |
| 科图分类: | ||
| 主题词: | 教育--各级 | |
| 电子资源: | ||
| ISBN: | ||
| 000 | 00490nam0 2200193 450 | |
| 001 | 0765317169 | |
| 005 | 20070804162931.43 | |
| 010 | @d不详 | |
| 100 | @a20070803d2002 km y0chiy0120 ea | |
| 101 | 0 | @achi |
| 200 | 1 | @a叶茂根深@Aye mao gen shen@f不详@Fbu xiang |
| 210 | @a唐山@c不详@d2002 | |
| 215 | @a268页@d20cm | |
| 300 | @a纪念河北唐山十中建校50周年 | |
| 606 | 0 | @a教育@x各级 |
| 690 | @aG630-53@v3 | |
| 701 | 0 | @a不详@Abu xiang |
| 801 | 0 | @aCN@bPFT@c20070804 |
| 905 | @a10447@dG630-53@e254 | |
| 叶茂根深/不详.-唐山:不详,2002 |
| 268页;20cm |
| 纪念河北唐山十中建校50周年 |
| ISBN :不详 |
| ● |
| 相关链接 |
|
|
|
|
正题名:叶茂根深
索取号:G630-53/254
 
预约/预借
| 序号 | 登录号 | 条形码 | 馆藏地/架位号 | 状态 | 备注 |
| 1 | 0791653 | 207916530 | 第一样本阅览室/ [索取号:G630-53/254] | 在馆 |